LEADER 01248nam a2200301 u 4500 001 000000058594 003 CaOOAMICUS 005 20070226120717.0 008 010608s1967 enk u000 u eng u 035 $a10891870 040 $aPUL(R)$bita 041 1 $aeng$hfre 100 1 $aPascal, Blaise,$d1623-1662.$0(OLS)http://pul/name/8943 240 10$aProvinciales.$lEnglish.$0(OLS)http://pul/title/78493 245 14$aThe provincial letters /$cPascal ; traslated with an introduction by A.J. Krailsheimer. 260 $aMiddelesex :$bPenguin books,$cc1967. 300 $a298 p. ;$c20 cm 490 1 $aPenguin classics ;$vL 196 610 24$aGesuiti.$0(OLS)http://pul/subject/6648 650 4$aGiansenismo.$0(OLS)http://pul/subject/2126 700 1 $aKrailsheimer, A. J.$0(OLS)http://pul/name/40618 830 0$aPenguin classics ;$vL 196.$0(OLS)http://pul/title/4365 850 $aPUL 852 $aPUL$W1$xDP1 Altre Collocazioni$y17$mSenza collocazione$j12$n $b $qStampati$B76532$CPULBib$Z2$F76532 $H $81 941 1 $a8 960 $aCompagnia di Gesù$96648 996 $6245$aThe provincial letters$9(OLS)http://pul/title/78494 996 $6260$aMiddelesex :$bPenguin books$9(OLS)http://pul/publisher/69660 LEADER 01328nam a2200325 a 4500 001 000000149324 003 CaOOAMICUS 005 20160211111312.0 008 160211m20169999it u000 u ita r 020 $a978-88-14-20890-4 (v. 2)* 032 $aLibriCat 040 $aPUL$bita 100 1 $aMarini, Annibale.$0(OLS)http://pul/name/30094 245 10$aDella nullità del matrimonio:$bTomo 1 /$cAnnibale Marini. 260 $aMilano :$bGiuffrè,$c©2016- 300 $av. ;$c25 cm. 490 1 $aIl Codice civile.$aCommentario 500 $aInclude indici. 504 $aBibliografia in nota. 505 $aArtt. 128-129-bis. 650 4$aMatrimonio (diritto civile)$zItalia.$0(OLS)http://pul/subject/12562 650 4$aDiritto civile$zItalia.$0(OLS)http://pul/subject/3770 830 3$aIl Codice civile.$pCommentario.$0(OLS)http://pul/title/53143 850 $aPUL 852 $aPUL$W1$xSL Diritto e Scienze Sociali 3$y79$m300 A 1.128$j171976$bv. 2$qDDC 21$B173567$CPULBib$Z2$F173567 $H127104 $82 941 1 $a9 996 $6020$a978-88-14-20890-4 (v. 2)*$9(OLS)http://pul/number/159636 996 $6245$aDella nullità del matrimonio:$bTomo 1$9(OLS)http://pul/title/188259 996 $6260$aMilano :$bGiuffrè$9(OLS)http://pul/publisher/48401